000 00392nam a22001577a 4500
003 OSt
005 20211123103642.0
008 211123b |||||||| |||| 00| 0 eng d
020 _a0914294539
040 _aHU
_cDDC813.4/CLE
082 _a813.4/CLE
245 _aTHE UNABRIDGED MARK TWAIN
260 _aNEW JERSEY
_bRUNNING PRESS
_c1975
300 _aXVIII,1289P25CM
942 _2ddc
_cBOOKS
_n0
999 _c19678
_d19678